000 00801nam a2200217 a 4500
001 000025588
005 20240412074252.0
008 110218s1996 dr r 000 j spa d
040 _aDO-SdBNP
_bspa
_cBNPHU
082 _aRD863.44
_bP324t
100 1 _aPaula, Rafael E.
_929747
245 1 3 _aEl teniente dormido :
_bcuentos /
_cRafael E. Paula ; prólogo Roberto Santos Hernández.
260 _aSan Francisco de Macorís, República Dominicana
_fImpresoras del Norte
_c1996.
300 _a87 p. ;
_c19 cm.
500 _aIncluye datos biográficos del autor en la contraportada
590 _aInventariado, 2020/BT
650 4 _aCuentos dominicano
_923618
650 0 _aLiteratura dominicana.
_967
700 1 2 _aSantos Hernández, Roberto
_epról.
_952267
910 _aValidado. Control de calidad MFF
999 _c25080
_d25080